Responses for Show #4743 - Wednesday, March 30, 2005

2005 Ultimate Tournament of Champions Round 1, game 36.

Contestants

[<< previous game]

Rick Knutsen, a musician and stay-at-home dad from Brooklyn, New York

Craig Barker, an Advanced Placement history teacher from Livonia, Michigan

Amy Fine, a part-time teacher from Bethesda, Maryland

[next game >>]

Jeopardy! Round responses

WE ALL SCREAM FOR ICE CREAM
OSCAR NIGHT 2005
(Alex: I hope you remember.)
MOTHERS OF INVENTION
REAGAN 101
ONE OF THE 12 TRIBES OF ISRAEL
I'VE GOT "ESP"
    $200 1
the 1960s

Rick
    $200 2
Million Dollar Baby

Amy
    $200 26
potato chips

Rick
    $200 21
Illinois

Craig
    $200 16
Dan

Rick
    $200 11
irresponsible

Craig
    $400 3
Chocolate Chip Cookie Dough

Rick
    $400 4
Ray Charles

Craig
    $400 27
Centipede

Craig
    $400 22
1981

Rick
    $400 17
Reuben

Craig
    $400 12
trespasses

Rick
    $600 8
Häagen-Dazs

Rick
    $600 5
(Rick: What is Finding Neverland?)

The Aviator

CraigRick
    $600 28
cars

Amy
    $600 23
"The Gipper"

Rick
    $600 18
Benjamin

Rick
    $2,400 13
(Rick: What is... [shakes head] the Vespa?)
...
(Alex: You're tied with Craig.)

the Hellespont

Rick
    $800 9
spumoni

Rick
    $800 6
Eternal Sunshine of the Spotless Mind

Rick
    $800 29
cataracts

Amy
    $800 24
the Screen Actors Guild

Rick
    $800 19
Gad

Rick
    $800 14
spokesperson

Craig
    $1000 10
Blue Bunny

Triple Stumper
    $1000 7
Sidney Lumet

Rick
    $1000 30
a cordless phone

Rick
    $1000 25
Simi Valley

Craig
    $1000 20
Simeon

Rick
    $1000 15
a respondent

Amy

Scores at the first commercial break (after clue 15):

Amy Craig Rick
$1,200 $2,000 $1,200

Scores at the end of the Jeopardy! Round:

Amy Craig Rick
$2,600 $4,000 $6,800

Double Jeopardy! Round responses

ART & ARTISTS
KITTY LIT
NAME THE JAMES
A RIVER RUNS THROUGH IT
YOU'RE THE "CHAMP"
I'VE GOT ESPN
    $400 1
(Rick: Who is Wyeth?)
(Alex: Which one?)

Andrew Wyeth

Rick
    $400 25
the Cheshire Cat

Amy
    $400 13
Taylor

Craig
    $400 19
the Thames

Rick
    $400 7
champing at the bit

Rick
    $400 2
SportsCenter

Rick
    $800 9
Surrealism

Craig
    $800 27
the Calico Cat

Triple Stumper
    $4,400 14
(Craig: Who is Polk?)
...
(Craig: Rebuild.)

Garfield

Craig
    $800 20
the Nile

Craig
    $800 8
Lake Champlain

Amy
    $800 3
Peyton Manning

Amy
    $1200 18
(Winslow) Homer

Craig
    $1200 28
Colette

Amy
    $1200 15
James Garner & James Woods

Triple Stumper
    $1200 21
the Mekong

Craig
    $1200 10
Gower Champion

Rick
    $1200 4
ESPN Classic

Craig
    $1600 24
Romanticism

Triple Stumper
    $1600 29
(Amy: Who is Braun?)
(Alex: Say...)
(Amy: Braun?)

(Rita Mae) Brown

AmyCraig
    $1600 16
Hilton

Amy
    $1600 22
the Volga

Triple Stumper
    $1600 11
the Champs-Élysées

Amy
    $1600 5
Babe Ruth, Michael Jordan & Muhammad Ali

Rick
    $2000 26
Peggy Guggenheim

Triple Stumper
    $800 30
(Thomas) Gray

Craig
    $2000 17
(James Whitcomb) Riley

Amy
    $2000 23
the Niger

Craig
    $2000 12
Champaign, Illinois

Craig
    $2000 6
the Yankees, the Mets & the Red Sox

Rick

Scores at the end of the Double Jeopardy! Round:

Amy Craig Rick
$9,400 $11,600 $13,200

[wagering suggestions for these scores]

Final Jeopardy! Round responses

VOCABULARY
(Alex: It's really a good deal unless the fruit falls on a concrete driveway and then splits--makes it tough to eat.)
AmyWhat is a windfall?
$9,400
CraigWhat is Windfall?
$9,999
RickWhat is windFall?
$10,001
windfall

Final scores:

Amy Craig Rick
$18,800 $21,599 $23,201
3rd place: $5,000 2nd place: $5,000 Winner: $23,201 + an advance to UToC Round 2

Game dynamics:

Coryat scores:

Amy Craig Rick
$9,400 $17,200 $15,600
11 R,
1 W
18 R
(including 1 DD),
1 W
(including 1 DD)
23 R,
2 W
(including 1 DD)

Combined Coryat: $42,200

[game clues] [game scores] [suggest correction]

Game tape date: 2005-03-02
The J! Archive is created by fans, for fans. Scraping, republication, monetization, and malicious use prohibited; this site may use cookies and collect identifying information. See terms. The Jeopardy! game show and all elements thereof, including but not limited to copyright and trademark thereto, are the property of Jeopardy Productions, Inc. and are protected under law. This website is not affiliated with, sponsored by, or operated by Jeopardy Productions, Inc. Join the discussion at JBoard.tv.